[Event "Open"]
[Site "Maastricht, NL"]
[Date "2024.05.18"]
[Round "2"]
[White "Kunin, Vitaly"]
[Black "Offringa, Joost"]
[Result "1-0"]
[Board "3"]
[WhiteFideId "4128737"]
[BlackFideId "1025880"]
[WhiteTitle "GM"]
[WhiteElo "2522"]
[BlackElo "2277"]
[WhiteTeam "GER"]
[BlackTeam "NED"]
[WhiteClock "0:10:45"]
[BlackClock "0:01:05"]
[Variant "Standard"]

1. d4 {[%clk 1:52:35]}  f5 {[%clk 1:59:54]} 2. Nc3 {[%clk 1:52:01]}  Nf6 {[%clk 2:00:00]} 3. Bg5 {[%clk 1:51:44]}  d5 {[%clk 2:00:06]} 4. e3 {[%clk 1:51:25]}  e6 {[%clk 1:57:46]} 5. Nf3 {[%clk 1:50:25]}  Be7 {[%clk 1:54:46]} 6. Bd3 {[%clk 1:49:48]}  O-O {[%clk 1:45:23]} 7. O-O {[%clk 1:49:18]}  Nbd7 {[%clk 1:27:48]} 8. Ne2 {[%clk 1:44:20]}  Ne4 {[%clk 1:24:24]} 9. Bxe7 {[%clk 1:44:05]}  Qxe7 {[%clk 1:24:35]} 10. c4 {[%clk 1:43:08]}  c6 {[%clk 1:20:05]} 11. Rc1 {[%clk 1:38:57]}  Ng5 {[%clk 1:03:04]} 12. Nxg5 {[%clk 1:33:37]}  Qxg5 {[%clk 1:03:14]} 13. b4 {[%clk 1:33:09]}  Nb6 {[%clk 0:55:04]} 14. Kh1 {[%clk 1:18:23]}  Bd7 {[%clk 0:38:31]} 15. Qb3 {[%clk 1:09:30]}  Qh4 {[%clk 0:34:44]} 16. Ng1 {[%clk 1:08:20]}  Be8 {[%clk 0:31:48]} 17. Nf3 {[%clk 1:07:56]}  Qh5 {[%clk 0:31:07]} 18. cxd5 {[%clk 1:02:46]}  exd5 {[%clk 0:30:05]} 19. b5 {[%clk 1:01:08]}  f4 {[%clk 0:27:35]} 20. a4 {[%clk 0:54:24]}  cxb5 {[%clk 0:25:23]} 21. Bxb5 {[%clk 0:53:34]}  Bxb5 {[%clk 0:25:13]} 22. Qxb5 {[%clk 0:49:49]}  fxe3 {[%clk 0:25:17]} 23. fxe3 {[%clk 0:49:39]}  Qe8 {[%clk 0:24:47]} 24. Rc7 {[%clk 0:49:36]}  Qxb5 {[%clk 0:13:47]} 25. axb5 {[%clk 0:49:41]}  Rf7 {[%clk 0:13:34]} 26. Rxf7 {[%clk 0:45:30]}  Kxf7 {[%clk 0:13:46]} 27. Ne5+ {[%clk 0:45:34]}  Kg8 {[%clk 0:13:58]} 28. Kg1 {[%clk 0:42:23]}  a5 {[%clk 0:10:50]} 29. bxa6 {[%clk 0:41:54]}  bxa6 {[%clk 0:10:57]} 30. Rb1 {[%clk 0:41:15]}  Nc8 {[%clk 0:11:02]} 31. Nd3 {[%clk 0:39:56]}  a5 {[%clk 0:10:26]} 32. Nf4 {[%clk 0:36:49]}  Ne7 {[%clk 0:10:38]} 33. Kf2 {[%clk 0:36:56]}  a4 {[%clk 0:10:03]} 34. Ke2 {[%clk 0:37:00]}  a3 {[%clk 0:07:35]} 35. Kd2 {[%clk 0:36:49]}  g5 {[%clk 0:05:32]} 36. Ne6 {[%clk 0:32:23]}  h6 {[%clk 0:05:05]} 37. Ra1 {[%clk 0:20:45]}  Nf5 {[%clk 0:04:58]} 38. Nc7 {[%clk 0:20:34]}  Ra5 {[%clk 0:05:10]} 39. g4 {[%clk 0:20:24]}  Nd6 {[%clk 0:04:58]} 40. Kc3 {[%clk 0:20:29]}  a2 {[%clk 0:01:06]} 41. Kb4 {[%clk 0:19:02]}  Ra7 {[%clk 0:01:09]} 42. Nxd5 {[%clk 0:18:57]}  Ne4 {[%clk 0:01:22]} 43. Kb3 {[%clk 0:17:21]}  Rb7+ {[%clk 0:01:28]} 44. Kc2 {[%clk 0:15:45]}  Rd7 {[%clk 0:00:57]} 45. Nb4 {[%clk 0:15:35]}  Nf2 {[%clk 0:01:05]} 46. Rxa2 {[%clk 0:15:10]}  Nxg4 {[%clk 0:01:17]} 47. Kd3 {[%clk 0:14:24]}  Rb7 {[%clk 0:01:26]} 48. Nd5 {[%clk 0:14:05]}  Rb3+ {[%clk 0:01:05]} 49. Ke4 {[%clk 0:10:45]} 1-0

[Event "Open"]
[Site "Maastricht, NL"]
[Date "2024.05.18"]
[Round "2"]
[White "Smeets, Kobe"]
[Black "Beerdsen, Thomas"]
[Result "0-1"]
[Board "4"]
[WhiteFideId "1063910"]
[BlackFideId "1030108"]
[WhiteTitle "FM"]
[BlackTitle "GM"]
[WhiteElo "2291"]
[BlackElo "2501"]
[WhiteTeam "NED"]
[BlackTeam "NED"]
[WhiteClock "0:00:19"]
[BlackClock "0:07:56"]
[Variant "Standard"]

1. e4 {[%clk 2:00:26]}  e5 {[%clk 1:58:07]} 2. Nf3 {[%clk 2:00:30]}  Nc6 {[%clk 1:58:07]} 3. Bb5 {[%clk 2:00:34]}  a6 {[%clk 1:58:07]} 4. Ba4 {[%clk 2:00:43]}  Nf6 {[%clk 1:58:08]} 5. O-O {[%clk 2:00:42]}  Be7 {[%clk 1:58:01]} 6. Re1 {[%clk 2:00:02]}  b5 {[%clk 1:57:58]} 7. Bb3 {[%clk 2:00:13]}  d6 {[%clk 1:58:00]} 8. a4 {[%clk 2:00:19]}  Bd7 {[%clk 1:57:06]} 9. c3 {[%clk 2:00:24]}  O-O {[%clk 1:56:29]} 10. d4 {[%clk 2:00:16]}  h6 {[%clk 1:53:14]} 11. Bd2 {[%clk 2:00:07]}  Re8 {[%clk 1:47:39]} 12. Bc2 {[%clk 1:59:04]}  Bf8 {[%clk 1:45:29]} 13. h3 {[%clk 1:46:24]}  Rb8 {[%clk 1:38:45]} 14. axb5 {[%clk 1:39:39]}  axb5 {[%clk 1:34:12]} 15. d5 {[%clk 1:36:05]}  Ne7 {[%clk 1:34:15]} 16. b3 {[%clk 1:34:02]}  c6 {[%clk 1:24:59]} 17. c4 {[%clk 1:33:06]}  Qc7 {[%clk 1:22:33]} 18. dxc6 {[%clk 1:18:49]}  Nxc6 {[%clk 1:18:39]} 19. cxb5 {[%clk 1:14:44]}  Rxb5 {[%clk 1:17:04]} 20. Bd3 {[%clk 1:13:08]}  Rb7 {[%clk 1:12:33]} 21. Bc4 {[%clk 1:13:04]}  Be6 {[%clk 1:11:04]} 22. Nc3 {[%clk 0:49:26]}  Bxc4 {[%clk 0:55:46]} 23. bxc4 {[%clk 0:49:35]}  Nb4 {[%clk 0:53:24]} 24. Qa4 {[%clk 0:40:47]}  Nd3 {[%clk 0:50:40]} 25. Nd5 {[%clk 0:31:24]}  Nxd5 {[%clk 0:50:20]} 26. Qxe8 {[%clk 0:31:13]}  Nf6 {[%clk 0:38:11]} 27. Qa4 {[%clk 0:31:03]}  Nxe1 {[%clk 0:38:20]} 28. Rxe1 {[%clk 0:31:08]}  Qc8 {[%clk 0:36:54]} 29. Bc3 {[%clk 0:26:59]}  Nd7 {[%clk 0:36:40]} 30. Nd2 {[%clk 0:27:07]}  Be7 {[%clk 0:30:24]} 31. Ra1 {[%clk 0:20:45]}  Rc7 {[%clk 0:25:52]} 32. Qa6 {[%clk 0:16:55]}  Qxa6 {[%clk 0:23:01]} 33. Rxa6 {[%clk 0:17:07]}  Nc5 {[%clk 0:23:05]} 34. Ra8+ {[%clk 0:15:38]}  Kh7 {[%clk 0:23:13]} 35. Bb4 {[%clk 0:10:42]}  Bg5 {[%clk 0:18:41]} 36. Bxc5 {[%clk 0:08:40]}  Rxc5 {[%clk 0:18:25]} 37. Ra2 {[%clk 0:08:48]}  Bxd2 {[%clk 0:18:16]} 38. Rxd2 {[%clk 0:09:01]}  Rxc4 {[%clk 0:18:24]} 39. Rxd6 {[%clk 0:09:10]}  Rxe4 {[%clk 0:18:34]} 40. Kh2 {[%clk 0:07:04]}  h5 {[%clk 0:17:29]} 41. g3 {[%clk 0:06:20]}  h4 {[%clk 0:17:06]} 42. Kg2 {[%clk 0:06:08]}  hxg3 {[%clk 0:16:50]} 43. Kxg3 {[%clk 0:05:51]}  f6 {[%clk 0:16:20]} 44. Ra6 {[%clk 0:05:40]}  Kh6 {[%clk 0:16:12]} 45. Ra7 {[%clk 0:04:43]}  Rb4 {[%clk 0:15:58]} 46. Rf7 {[%clk 0:04:09]}  Ra4 {[%clk 0:15:29]} 47. Kg2 {[%clk 0:03:46]}  Ra3 {[%clk 0:15:12]} 48. Kh2 {[%clk 0:03:54]}  Rf3 {[%clk 0:14:45]} 49. Kg2 {[%clk 0:04:08]}  Rf4 {[%clk 0:14:51]} 50. Kg3 {[%clk 0:04:15]}  g5 {[%clk 0:13:36]} 51. Ra7 {[%clk 0:03:40]}  Rb4 {[%clk 0:13:27]} 52. Ra3 {[%clk 0:02:55]}  Kg6 {[%clk 0:12:39]} 53. Kg2 {[%clk 0:02:47]}  Rd4 {[%clk 0:12:05]} 54. Rb3 {[%clk 0:02:57]}  e4 {[%clk 0:12:03]} 55. Rb5 {[%clk 0:02:47]}  Rd2 {[%clk 0:11:54]} 56. Kg3 {[%clk 0:02:36]}  f5 {[%clk 0:12:03]} 57. Ra5 {[%clk 0:01:21]}  Rd3+ {[%clk 0:09:17]} 58. Kg2 {[%clk 0:01:34]}  f4 {[%clk 0:09:04]} 59. Ra6+ {[%clk 0:01:08]}  Kh5 {[%clk 0:08:34]} 60. Re6 {[%clk 0:01:21]}  e3 {[%clk 0:08:40]} 61. fxe3 {[%clk 0:01:35]}  Rxe3 {[%clk 0:08:48]} 62. Ra6 {[%clk 0:01:22]}  Re2+ {[%clk 0:08:57]} 63. Kg1 {[%clk 0:00:20]}  Kh4 {[%clk 0:09:03]} 64. Rg6 {[%clk 0:00:22]}  Re3 {[%clk 0:07:40]} 65. Kg2 {[%clk 0:00:18]}  Rg3+ {[%clk 0:07:50]} 66. Kf2 {[%clk 0:00:19]}  Kxh3 {[%clk 0:07:56]} 0-1

[Event "Open"]
[Site "Maastricht, NL"]
[Date "2024.05.18"]
[Round "3"]
[White "Lahaye, Rick"]
[Black "Gurevich, Mikhail"]
[Result "0-1"]
[Board "1"]
[WhiteFideId "1007092"]
[BlackFideId "200930"]
[BlackTitle "GM"]
[WhiteElo "2423"]
[BlackElo "2562"]
[WhiteTeam "NED"]
[BlackTeam "BEL"]
[WhiteClock "0:03:09"]
[BlackClock "0:07:02"]
[Variant "Standard"]

1. c4 {[%clk 2:00:26]}  f5 {[%clk 2:00:19]} 2. Nc3 {[%clk 1:59:51]}  Nf6 {[%clk 2:00:23]} 3. Nf3 {[%clk 1:59:57]}  d6 {[%clk 1:59:26]} 4. d4 {[%clk 1:59:51]}  g6 {[%clk 1:59:32]} 5. Qc2 {[%clk 1:58:46]}  Bg7 {[%clk 1:59:20]} 6. g3 {[%clk 1:56:00]}  O-O {[%clk 1:55:00]} 7. Bg2 {[%clk 1:55:07]}  Nc6 {[%clk 1:55:10]} 8. d5 {[%clk 1:54:58]}  Na5 {[%clk 1:55:19]} 9. Nd2 {[%clk 1:54:48]}  c5 {[%clk 1:55:29]} 10. a3 {[%clk 1:49:58]}  Bd7 {[%clk 1:52:52]} 11. O-O {[%clk 1:43:42]}  a6 {[%clk 1:44:49]} 12. Rb1 {[%clk 1:36:21]}  Qc7 {[%clk 1:38:23]} 13. a4 {[%clk 1:23:40]}  e5 {[%clk 1:28:13]} 14. dxe6 {[%clk 1:21:55]}  Bxe6 {[%clk 1:28:22]} 15. Nd5 {[%clk 1:21:30]}  Qf7 {[%clk 1:27:23]} 16. Nf4 {[%clk 1:11:58]}  Bd7 {[%clk 1:25:24]} 17. b3 {[%clk 1:09:24]}  Nc6 {[%clk 1:25:33]} 18. Bb2 {[%clk 1:09:07]}  Nb4 {[%clk 1:25:20]} 19. Qd1 {[%clk 1:08:53]}  Bc6 {[%clk 1:25:22]} 20. Nf3 {[%clk 1:08:23]}  Ne4 {[%clk 1:24:41]} 21. Nd3 {[%clk 1:04:06]}  a5 {[%clk 1:18:46]} 22. Nd2 {[%clk 0:57:56]}  Bxb2 {[%clk 1:16:37]} 23. Nxe4 {[%clk 0:57:40]}  Nxd3 {[%clk 1:08:19]} 24. Nxd6 {[%clk 0:51:23]}  Nxf2 {[%clk 1:06:24]} 25. Rxf2 {[%clk 0:32:56]}  Qg7 {[%clk 0:56:53]} 26. Bd5+ {[%clk 0:32:07]}  Kh8 {[%clk 0:56:07]} 27. e3 {[%clk 0:25:01]}  Be5 {[%clk 0:49:29]} 28. Nb5 {[%clk 0:25:12]}  h5 {[%clk 0:49:29]} 29. Qd3 {[%clk 0:25:21]}  Rae8 {[%clk 0:40:50]} 30. Rf3 {[%clk 0:25:01]}  Bf6 {[%clk 0:40:23]} 31. Rbf1 {[%clk 0:24:47]}  Re7 {[%clk 0:40:06]} 32. Kg2 {[%clk 0:24:10]}  Rd8 {[%clk 0:38:36]} 33. Qd2 {[%clk 0:23:34]}  b6 {[%clk 0:35:06]} 34. Rd1 {[%clk 0:19:06]}  Red7 {[%clk 0:30:55]} 35. Qd3 {[%clk 0:19:20]}  Qe7 {[%clk 0:29:20]} 36. Nc3 {[%clk 0:13:09]}  Bxc3 {[%clk 0:26:12]} 37. Qxc3+ {[%clk 0:13:12]}  Qg7 {[%clk 0:26:20]} 38. Qd2 {[%clk 0:11:28]}  Kh7 {[%clk 0:25:41]} 39. Qe2 {[%clk 0:09:11]}  Bxd5 {[%clk 0:24:42]} 40. cxd5 {[%clk 0:09:23]}  Rxd5 {[%clk 0:24:47]} 41. Rxd5 {[%clk 0:08:54]}  Rxd5 {[%clk 0:24:55]} 42. Qc4 {[%clk 0:08:00]}  Qe5 {[%clk 0:20:55]} 43. Rf2 {[%clk 0:07:12]}  Kg7 {[%clk 0:20:38]} 44. Kf3 {[%clk 0:06:21]}  Rd1 {[%clk 0:19:48]} 45. Rc2 {[%clk 0:06:17]}  Kf6 {[%clk 0:17:06]} 46. Qc3 {[%clk 0:04:56]}  Qxc3 {[%clk 0:17:08]} 47. Rxc3 {[%clk 0:05:10]}  Rd2 {[%clk 0:17:14]} 48. h3 {[%clk 0:05:18]}  Ke5 {[%clk 0:17:20]} 49. g4 {[%clk 0:05:25]}  h4 {[%clk 0:16:26]} 50. gxf5 {[%clk 0:05:21]}  gxf5 {[%clk 0:16:39]} 51. Rc4 {[%clk 0:05:30]}  Rb2 {[%clk 0:16:17]} 52. Rxh4 {[%clk 0:05:36]}  Rxb3 {[%clk 0:16:14]} 53. Rh6 {[%clk 0:05:31]}  c4 {[%clk 0:14:59]} 54. h4 {[%clk 0:05:13]}  c3 {[%clk 0:13:43]} 55. h5 {[%clk 0:03:56]}  Kd5 {[%clk 0:09:04]} 56. Rh8 {[%clk 0:03:45]}  c2 {[%clk 0:08:39]} 57. Rd8+ {[%clk 0:03:35]}  Kc4 {[%clk 0:08:00]} 58. h6 {[%clk 0:03:19]}  Rxe3+ {[%clk 0:06:58]} 59. Kg2 {[%clk 0:03:09]}  Re7 {[%clk 0:07:02]} 0-1

[Event "Open"]
[Site "Maastricht, NL"]
[Date "2024.05.18"]
[Round "3"]
[White "Kopylov, Daniel"]
[Black "Kunin, Vitaly"]
[Result "0-1"]
[Board "2"]
[WhiteFideId "12921971"]
[BlackFideId "4128737"]
[WhiteTitle "FM"]
[BlackTitle "GM"]
[WhiteElo "2368"]
[BlackElo "2522"]
[WhiteTeam "GER"]
[BlackTeam "GER"]
[WhiteClock "0:00:58"]
[BlackClock "0:02:46"]
[Variant "Standard"]

1. e4 {[%clk 2:00:27]}  c5 {[%clk 1:58:13]} 2. Nf3 {[%clk 2:00:12]}  g6 {[%clk 1:58:14]} 3. d4 {[%clk 1:59:24]}  cxd4 {[%clk 1:58:07]} 4. Nxd4 {[%clk 1:59:18]}  Nc6 {[%clk 1:58:02]} 5. c4 {[%clk 1:58:36]}  Nf6 {[%clk 1:57:17]} 6. Nc3 {[%clk 1:58:33]}  d6 {[%clk 1:56:54]} 7. Be2 {[%clk 1:58:18]}  Nxd4 {[%clk 1:56:44]} 8. Qxd4 {[%clk 1:58:17]}  Bg7 {[%clk 1:56:40]} 9. Be3 {[%clk 1:56:27]}  O-O {[%clk 1:56:18]} 10. Qd2 {[%clk 1:56:07]}  Be6 {[%clk 1:52:53]} 11. Rc1 {[%clk 1:53:35]}  a5 {[%clk 1:51:08]} 12. f3 {[%clk 1:48:30]}  a4 {[%clk 1:50:46]} 13. Kf2 {[%clk 1:35:44]}  Nd7 {[%clk 1:42:35]} 14. Rhd1 {[%clk 1:32:37]}  Ne5 {[%clk 1:39:57]} 15. Nd5 {[%clk 1:29:53]}  Bxd5 {[%clk 1:39:02]} 16. cxd5 {[%clk 1:27:06]}  f5 {[%clk 1:36:29]} 17. exf5 {[%clk 1:25:19]}  gxf5 {[%clk 1:35:15]} 18. Kg1 {[%clk 1:21:21]}  Kh8 {[%clk 1:33:19]} 19. Kh1 {[%clk 1:12:24]}  Rg8 {[%clk 1:29:39]} 20. f4 {[%clk 1:03:53]}  Nf7 {[%clk 1:18:42]} 21. Re1 {[%clk 1:02:11]}  Nh6 {[%clk 1:16:19]} 22. h3 {[%clk 0:47:02]}  Rf8 {[%clk 1:06:52]} 23. Bd4 {[%clk 0:42:33]}  Ng8 {[%clk 1:05:42]} 24. Bxg7+ {[%clk 0:40:13]}  Kxg7 {[%clk 1:05:19]} 25. Qd4+ {[%clk 0:39:39]}  Nf6 {[%clk 1:05:25]} 26. Rc3 {[%clk 0:39:07]}  Ra5 {[%clk 0:57:34]} 27. Rg3+ {[%clk 0:37:50]}  Kh8 {[%clk 0:56:47]} 28. Bf3 {[%clk 0:37:46]}  Rb5 {[%clk 0:35:19]} 29. Rg5 {[%clk 0:21:11]}  Qb6 {[%clk 0:34:56]} 30. Qc3 {[%clk 0:17:17]}  Rc5 {[%clk 0:19:35]} 31. Qe3 {[%clk 0:15:36]}  Ng8 {[%clk 0:19:19]} 32. Qd4+ {[%clk 0:13:28]}  Rf6 {[%clk 0:19:02]} 33. Kh2 {[%clk 0:10:02]}  Rb5 {[%clk 0:18:08]} 34. Qxa4 {[%clk 0:07:33]}  Rg6 {[%clk 0:15:37]} 35. Qc2 {[%clk 0:06:32]}  Qd4 {[%clk 0:14:33]} 36. Qxf5 {[%clk 0:03:44]}  Rf6 {[%clk 0:12:05]} 37. Rxg8+ {[%clk 0:03:10]}  Kxg8 {[%clk 0:12:06]} 38. Qg4+ {[%clk 0:03:12]}  Kh8 {[%clk 0:10:51]} 39. Qc8+ {[%clk 0:03:00]}  Kg7 {[%clk 0:11:01]} 40. Rxe7+ {[%clk 0:02:06]}  Kh6 {[%clk 0:10:54]} 41. Re4 {[%clk 0:01:29]}  Qxd5 {[%clk 0:08:17]} 42. Qe8 {[%clk 0:00:49]}  Rxb2 {[%clk 0:07:34]} 43. Re2 {[%clk 0:00:30]}  Rxe2 {[%clk 0:07:32]} 44. Bxe2 {[%clk 0:00:17]}  Rxf4 {[%clk 0:07:03]} 45. Bf3 {[%clk 0:00:18]}  Qe5 {[%clk 0:06:31]} 46. Qxe5 {[%clk 0:00:32]}  dxe5 {[%clk 0:06:36]} 47. Bxb7 {[%clk 0:00:46]}  e4 {[%clk 0:06:26]} 48. Kg3 {[%clk 0:00:22]}  e3 {[%clk 0:06:20]} 49. Bf3 {[%clk 0:00:17]}  Kg5 {[%clk 0:06:09]} 50. Be2 {[%clk 0:00:17]}  Rf2 {[%clk 0:05:08]} 51. Bc4 {[%clk 0:00:31]}  h5 {[%clk 0:04:43]} 52. h4+ {[%clk 0:00:40]}  Kf5 {[%clk 0:04:46]} 53. a4 {[%clk 0:00:42]}  Ke4 {[%clk 0:04:26]} 54. a5 {[%clk 0:00:33]}  Kd4 {[%clk 0:04:16]} 55. Bb5 {[%clk 0:00:27]}  Rf5 {[%clk 0:04:15]} 56. Be2 {[%clk 0:00:41]}  Rxa5 {[%clk 0:03:13]} 57. Kf4 {[%clk 0:00:55]}  Ra2 {[%clk 0:02:59]} 58. Bxh5 {[%clk 0:01:06]}  Rxg2 {[%clk 0:03:00]} 59. Kf5 {[%clk 0:00:58]}  Rh2 {[%clk 0:02:46]} 0-1

[Event "Open"]
[Site "Maastricht, NL"]
[Date "2024.05.18"]
[Round "3"]
[White "Beerdsen, Thomas"]
[Black "Braun, Christian"]
[Result "1-0"]
[Board "3"]
[WhiteFideId "1030108"]
[BlackFideId "4692098"]
[WhiteTitle "GM"]
[BlackTitle "IM"]
[WhiteElo "2501"]
[BlackElo "2391"]
[WhiteTeam "NED"]
[BlackTeam "GER"]
[WhiteClock "0:34:35"]
[BlackClock "0:37:25"]
[Variant "Standard"]

1. e4 {[%clk 1:55:39]}  e6 {[%clk 2:00:08]} 2. d4 {[%clk 1:55:35]}  d5 {[%clk 2:00:15]} 3. Nc3 {[%clk 1:55:42]}  Nf6 {[%clk 2:00:21]} 4. Bg5 {[%clk 1:55:37]}  Be7 {[%clk 2:00:28]} 5. e5 {[%clk 1:55:16]}  Nfd7 {[%clk 2:00:36]} 6. h4 {[%clk 1:55:17]}  Nc6 {[%clk 2:00:43]} 7. Qd2 {[%clk 1:54:30]}  a6 {[%clk 2:00:46]} 8. Bxe7 {[%clk 1:38:49]}  Nxe7 {[%clk 1:59:13]} 9. Nce2 {[%clk 1:35:37]}  c5 {[%clk 1:59:01]} 10. c3 {[%clk 1:35:17]}  Nc6 {[%clk 1:57:24]} 11. h5 {[%clk 1:34:36]}  f6 {[%clk 1:57:20]} 12. f4 {[%clk 1:33:05]}  O-O {[%clk 1:56:05]} 13. Nf3 {[%clk 1:30:48]}  b5 {[%clk 1:46:29]} 14. Ng3 {[%clk 1:14:58]}  f5 {[%clk 1:37:16]} 15. Be2 {[%clk 1:11:38]}  Qe7 {[%clk 1:35:49]} 16. Nf1 {[%clk 1:10:52]}  b4 {[%clk 1:35:41]} 17. Ne3 {[%clk 1:09:46]}  bxc3 {[%clk 1:26:45]} 18. bxc3 {[%clk 1:09:50]}  Nb6 {[%clk 1:25:18]} 19. h6 {[%clk 1:07:09]}  g6 {[%clk 1:24:09]} 20. Rb1 {[%clk 1:06:46]}  Rb8 {[%clk 1:22:54]} 21. O-O {[%clk 1:06:10]}  c4 {[%clk 1:22:20]} 22. Ng5 {[%clk 1:04:49]}  Bd7 {[%clk 1:10:01]} 23. Bf3 {[%clk 0:59:49]}  Qd8 {[%clk 0:58:26]} 24. Qc1 {[%clk 0:57:24]}  Qe7 {[%clk 0:50:27]} 25. Rxb6 {[%clk 0:50:35]}  Rxb6 {[%clk 0:50:38]} 26. Bxd5 {[%clk 0:50:41]}  exd5 {[%clk 0:45:23]} 27. Nxd5 {[%clk 0:50:50]}  Qd8 {[%clk 0:45:34]} 28. Nxb6 {[%clk 0:50:04]}  Qxb6 {[%clk 0:45:43]} 29. Qa3 {[%clk 0:48:37]}  Re8 {[%clk 0:38:26]} 30. Qd6 {[%clk 0:46:41]}  Re7 {[%clk 0:38:24]} 31. Kh2 {[%clk 0:43:47]}  Qb8 {[%clk 0:38:08]} 32. Qxb8+ {[%clk 0:39:16]}  Nxb8 {[%clk 0:38:17]} 33. Rb1 {[%clk 0:39:26]}  Nc6 {[%clk 0:37:33]} 34. d5 {[%clk 0:37:39]}  Nd8 {[%clk 0:37:26]} 35. Rb8 {[%clk 0:37:09]}  Re8 {[%clk 0:37:34]} 36. e6 {[%clk 0:36:22]}  Bb5 {[%clk 0:37:25]} 37. d6 {[%clk 0:34:35]} 1-0

[Event "Open"]
[Site "Maastricht, NL"]
[Date "2024.05.18"]
[Round "3"]
[White "Fromm, Marius"]
[Black "Bekker, Stefan"]
[Result "1-0"]
[Board "4"]
[WhiteFideId "12993190"]
[BlackFideId "1022229"]
[WhiteTitle "IM"]
[BlackTitle "FM"]
[WhiteElo "2466"]
[BlackElo "2304"]
[WhiteTeam "GER"]
[BlackTeam "NED"]
[WhiteClock "1:01:11"]
[BlackClock "0:03:47"]
[Variant "Standard"]

1. e4 {[%clk 2:00:26]}  c5 {[%clk 2:00:24]} 2. Nf3 {[%clk 2:00:38]}  d6 {[%clk 2:00:34]} 3. Bc4 {[%clk 2:00:12]}  Nf6 {[%clk 2:00:33]} 4. d3 {[%clk 2:00:09]}  e6 {[%clk 1:59:49]} 5. O-O {[%clk 1:59:50]}  Be7 {[%clk 1:58:22]} 6. a4 {[%clk 1:58:10]}  Nc6 {[%clk 1:57:36]} 7. Nbd2 {[%clk 1:58:06]}  a6 {[%clk 1:52:52]} 8. Re1 {[%clk 1:58:05]}  O-O {[%clk 1:51:58]} 9. c3 {[%clk 1:55:04]}  b6 {[%clk 1:38:17]} 10. Ba2 {[%clk 1:50:40]}  Qc7 {[%clk 1:24:10]} 11. Nf1 {[%clk 1:50:25]}  Bb7 {[%clk 1:21:40]} 12. Ng3 {[%clk 1:50:21]}  Rac8 {[%clk 1:17:40]} 13. Bf4 {[%clk 1:48:21]}  Ne5 {[%clk 1:10:46]} 14. Rc1 {[%clk 1:46:01]}  b5 {[%clk 1:08:20]} 15. axb5 {[%clk 1:43:08]}  axb5 {[%clk 1:07:56]} 16. Bb1 {[%clk 1:43:19]}  Ng6 {[%clk 0:52:03]} 17. Bd2 {[%clk 1:42:33]}  Rfe8 {[%clk 0:50:11]} 18. h3 {[%clk 1:42:03]}  Bf8 {[%clk 0:47:40]} 19. Bg5 {[%clk 1:40:49]}  Nd7 {[%clk 0:46:15]} 20. d4 {[%clk 1:40:36]}  h6 {[%clk 0:41:14]} 21. Be3 {[%clk 1:39:58]}  e5 {[%clk 0:32:55]} 22. d5 {[%clk 1:33:04]}  c4 {[%clk 0:27:41]} 23. Bc2 {[%clk 1:29:45]}  Nc5 {[%clk 0:27:14]} 24. Qd2 {[%clk 1:29:04]}  Ra8 {[%clk 0:26:52]} 25. Ra1 {[%clk 1:26:54]}  Reb8 {[%clk 0:21:46]} 26. h4 {[%clk 1:25:43]}  Bc8 {[%clk 0:21:16]} 27. h5 {[%clk 1:25:42]}  Ne7 {[%clk 0:21:12]} 28. Nh4 {[%clk 1:25:07]}  Nb3 {[%clk 0:20:09]} 29. Bxb3 {[%clk 1:23:46]}  cxb3 {[%clk 0:20:20]} 30. f4 {[%clk 1:22:56]}  exf4 {[%clk 0:19:48]} 31. Bxf4 {[%clk 1:23:09]}  Ra4 {[%clk 0:19:46]} 32. Nf3 {[%clk 1:21:10]}  Rba8 {[%clk 0:19:34]} 33. Rac1 {[%clk 1:09:07]}  Rc4 {[%clk 0:19:25]} 34. Nd4 {[%clk 1:08:25]}  b4 {[%clk 0:13:47]} 35. cxb4 {[%clk 1:06:58]}  Rxc1 {[%clk 0:09:32]} 36. Rxc1 {[%clk 1:07:07]}  Qb6 {[%clk 0:09:44]} 37. Be3 {[%clk 1:05:28]}  Ra4 {[%clk 0:08:32]} 38. Nc6 {[%clk 1:02:27]}  Qb7 {[%clk 0:08:23]} 39. b5 {[%clk 1:02:29]}  f5 {[%clk 0:05:25]} 40. Qc3 {[%clk 1:01:43]}  Bd7 {[%clk 0:04:19]} 41. Qxb3 {[%clk 1:01:47]}  Qa8 {[%clk 0:03:47]} 42. b6 {[%clk 1:01:11]} 1-0

[Event "Open"]
[Site "Maastricht, NL"]
[Date "2024.05.19"]
[Round "4"]
[White "Kunin, Vitaly"]
[Black "Beerdsen, Thomas"]
[Result "1/2-1/2"]
[Board "1"]
[WhiteFideId "4128737"]
[BlackFideId "1030108"]
[WhiteTitle "GM"]
[BlackTitle "GM"]
[WhiteElo "2522"]
[BlackElo "2501"]
[WhiteTeam "GER"]
[BlackTeam "NED"]
[WhiteClock "1:06:56"]
[BlackClock "0:54:51"]
[Variant "Standard"]

1. d4 {[%clk 2:00:26]}  d5 {[%clk 1:54:26]} 2. c4 {[%clk 2:00:06]}  e6 {[%clk 1:54:16]} 3. Nc3 {[%clk 1:59:46]}  Nf6 {[%clk 1:54:22]} 4. Bg5 {[%clk 1:59:05]}  Be7 {[%clk 1:53:29]} 5. e3 {[%clk 1:59:01]}  O-O {[%clk 1:52:47]} 6. Nf3 {[%clk 1:59:06]}  h6 {[%clk 1:52:14]} 7. Bh4 {[%clk 1:59:10]}  b6 {[%clk 1:51:59]} 8. Be2 {[%clk 1:53:41]}  Bb7 {[%clk 1:44:41]} 9. O-O {[%clk 1:53:29]}  Nbd7 {[%clk 1:41:56]} 10. a4 {[%clk 1:40:51]}  c5 {[%clk 1:33:26]} 11. cxd5 {[%clk 1:39:09]}  Nxd5 {[%clk 1:26:20]} 12. Bxe7 {[%clk 1:38:04]}  Qxe7 {[%clk 1:25:47]} 13. a5 {[%clk 1:37:30]}  Rfd8 {[%clk 1:23:07]} 14. Qb1 {[%clk 1:18:27]}  cxd4 {[%clk 1:13:53]} 15. Nxd5 {[%clk 1:15:38]}  Bxd5 {[%clk 1:13:00]} 16. Nxd4 {[%clk 1:09:27]}  Nc5 {[%clk 1:09:51]} 17. axb6 {[%clk 1:06:55]}  axb6 {[%clk 1:08:06]} 18. Rxa8 {[%clk 1:07:00]}  Bxa8 {[%clk 1:07:08]} 19. Bf3 {[%clk 1:06:48]}  Bxf3 {[%clk 1:06:34]} 20. Nxf3 {[%clk 1:06:56]}  Qd6 {[%clk 0:54:51]} 1/2-1/2